La Florida del Inca
Tallennettuna:
| Päätekijä: | |
|---|---|
| Aineistotyyppi: | Kirja |
| Kieli: | espanja |
| Julkaistu: |
Madrid
Nicolás Rodríguez Franco
1723
|
| Painos: | 2a. ed |
| Aiheet: | |
| Linkit: | portada |
| Tagit: |
Lisää tagi
Ei tageja, Lisää ensimmäinen tagi!
|
MARC
| LEADER | 00000nam a2200000 a 4500 | ||
|---|---|---|---|
| 001 | UCJ6031 | ||
| 003 | CL-VaPUC | ||
| 008 | 070124e17230000SP |||||||||||||||||spa|d | ||
| 082 | 0 | 4 | |a 980 |b GAR |2 21 |
| 100 | |a VEGA, GARCILASO DE LA |e author |9 508868 | ||
| 245 | 1 | 3 | |a La Florida del Inca |
| 250 | |a 2a. ed | ||
| 300 | |a 268 p | ||
| 942 | |c BK | ||
| 945 | |d 20070124 00:00:00 |a rinostro | ||
| 260 | |a Madrid |b Nicolás Rodríguez Franco |c 1723 | ||
| 500 | |a Folio, media pasta.- Port. a dos tintas.- v. en b.- Dedicatoria.- Capitales orladas.- La fecha de impresión se puso empleando la numeración romana actual | ||
| 650 | 0 | |a Historia de América |9 266076 | |
| 650 | 0 | |a Descubrimientos geográficos |9 331933 | |
| 650 | 0 | |a Conquista |9 339504 | |
| 650 | 0 | |a Colonización española |9 256592 | |
| 650 | 7 | |a LIBRO RARO |2 CL-VaPUC |9 504169 | |
| 650 | 7 | |a DESCRIPCION BIBLIOFILICA |2 CL-VaPUC |9 504580 | |
| 650 | 0 | |a Aborígenes |9 329972 | |
| 856 | 7 | |f UCJ6031_01.jpg |u http://opac.pucv.cl/pucv_img/Img-6000/UCJ6031_01.jpg |q JEPG |2 file |z portada | |
| 583 | |a last modification |c 20141028 02:15:15 |k Rodrigo Vera | ||
| 999 | |c 322139 |d 322137 | ||
| 952 | |0 0 |1 0 |4 0 |6 980_000000000000000_GAR_1723 |7 0 |8 X |9 401062 |a FDOBUD |b FDOBUD |d 2019-11-22 |i 1042866 |o 980 GAR 1723 |p 1042866 |r 2019-11-22 |w 2019-11-22 |y BK_X |k BUD | ||